Lord fotografie Karol Kállay

Bibliographic Details
Main Author: Ťapajová, Elena, 1944-2023 (Author)
Format: Article
Language:Slovak
Subjects:

MARC

LEADER 00000nab a2200000 a 4500
001 vtls000607952
003 SK-MaSNL
005 20260303201815.0
008 160322c1996 xo 0 slo
015 |a SNBRB19rr/mm-uuuuu 
035 |a CL0608091 
040 |a SNKBUCL  |b slo  |c SNKBUCL  |e AACR2 
041 0 |a slo 
044 |a xo  |c SK 
080 |a 77.04-051  |2 1981 
080 |a 929 Kállay, Karol  |2 1981 
100 1 |a Ťapajová, Elena,  |d 1944-2023  |4 aut  |9 5234 
245 1 0 |a Lord fotografie  |b Karol Kállay  |c Elena Ťapajová 
300 |b Fotogr. 7 
600 1 7 |a Kállay, Karol,  |d 1926-2012  |2 snkbucl  |9 93736 
655 7 |a články z novín a časopisov  |2 snkbucl  |9 267496 
773 0 |x 0231-6676  |t Slovenka  |g Roč. 49, č. 49 (1996), s. 46-47 
850 |a Slovenská národná knižnica v Martine  |a MTA001 
852 |a SNK  |b KIS3GCP 
958 |a SK 
958 |a BX 
958 |a RK 
958 |a RBX 
999 |c 2176321  |d 2178251